00456 a2200169 450000100060000002000180000604000220002410000220004624000230006824500180009130000080010936200090011765000230012694200070014995201130015699900170026957841 a9788516055684 cAnchieta - Pituba aWilce, Ysabeau S.10aFlora segundalpor10aFlora segunda a4460 a2007 4aLiteratura juvenil cBK 00104070a91.1b91.1d2023-11-21l0oLJ 028.5 W667f WIL FLOp8059/PITr2023-11-21 18:25:33w2023-11-21yBK c57841d57841